00750nam a2200253 a 4500001001300000003000900013005001700022008004100039020002300080082001700103100002000120245005800140260003600198300000900234500003500243505001000278650001600288650002200304700002000326902000800346942000700354952011800361999001700479nice12345678IN_TiNIC20260116013257.0050524s1991 dela grp 000 0 eng  a8171692 c18000a303.623bKUM aKumar, Akhilesh aCommunal Riots in Indiab Social and Economic Aspects aDelhi bCommenwealth Pub c1991 a163p aincludes index and biblioraphy2 aIndex aRiots-India aCommunalism-India1 aKumar, Akhilesh bSRS cBK 001040708StackRoom-aHMIbHMId2011-01-10g180.00l0o303.623 KUMp015563r2011-01-10v180.00w2005-05-24yBK c10367d10367